Visualizzazione normale
Vista MARC
- Pes
di Personal Name
Records bibliografici associati: 1
001 - CONTROL NUMBER
- control field: 18015
003 - CONTROL NUMBER IDENTIFIER
- control field: IT-RoPau
005 - DATE AND TIME OF LATEST TRANSACTION
- control field: 20140401122044.0
008 - FIXED-LENGTH DATA ELEMENTS
- fixed length control field: 140401|| aca||aabn | a|a d
040 ## - CATALOGING SOURCE
- Original cataloging agency: IT-RoPau
- Transcribing agency: IT-RoPau
100 ## - HEADING--PERSONAL NAME
- Personal name: Pes
- Miscellaneous information: Codice autore musica SPICS: 16100
- Relator term: Autore musica
- Name of part/section of a work: Che sarà
670 ## - SOURCE DATA FOUND
- Source citation: Work cat.: (IT-RoPau)99854: AA.VV. 794, Amici miei Ricchi e Poveri